000 00526nam a2200193Ia 4500
005 20260120132140.0
008 008 260114s9999 xx 000 0 eng d
020 _a9781383001433
037 _aEBOOK
040 _aCRL
_beng
_cCRL
041 _aeng
_2eng
084 _qCRL
100 _aRitz
_9935516
245 0 _aNephropathy in Type 2 Diabetes
260 _bOxford University PressOxford University Press
_c2023
856 _uhttps://academic.oup.com/book/52572
942 _cEBOOK
999 _c1527439
_d1527439